000 00471nam a2200157Ia 4500
003 OSt
005 20200713122433.0
008 190216s9999||||xx |||||||||||||| ||und||
040 _coclc
082 _a306.08994805482
_bFAW/N
100 _aFawcett, F
_93706
245 0 _aNayars Of Malabar /
_cF Fawcett
260 _bAsia Publishing House,
_c1915.
_aNew Delhi:
300 _a323p
942 _cBK
_2ddc
_h306.08994805482
_iFAW/N
_k306.08994805482
_mFAW/N
999 _c19732
_d19732